រុក្ខវប្បកម្មនៅតំបន់ត្រូពិច Silviculture in the tropics (Record no. 9043)
[ view plain ]
| 000 -LEADER | |
|---|---|
| fixed length control field | 00363nam a22001217a 4500 |
| 040 ## - CATALOGING SOURCE | |
| Transcribing agency | HS |
| 082 ## - DEWEY DECIMAL CLASSIFICATION NUMBER | |
| Classification number | 577 |
| 100 ## - MAIN ENTRY--AUTHOR NAME | |
| Personal name | វន មុនិន្ទ |
| 245 ## - TITLE STATEMENT | |
| Title | រុក្ខវប្បកម្មនៅតំបន់ត្រូពិច Silviculture in the tropics |
| 260 ## - PUBLICATION, DISTRIBUTION, ETC. (IMPRINT) | |
| Place of publication | RUA |
| Name of publisher | វន មុនិន្ទ |
| Year of publication | 1989 |
| 300 ## - PHYSICAL DESCRIPTION | |
| Number of Pages | 140p; |
| 942 ## - ADDED ENTRY ELEMENTS (KOHA) | |
| Koha item type | សៀវភៅភាសាខ្មែរ |
| 952 ## - LOCATION AND ITEM INFORMATION (KOHA) | |
| Withdrawn status [LOCAL, KOHA] | 0 |
| 952 ## - LOCATION AND ITEM INFORMATION (KOHA) | |
| Withdrawn status [LOCAL, KOHA] | 0 |
| Permanent Location | Date acquired | Koha item type | Lost status | Shelving location | Barcode | Current Location | Full call number |
|---|---|---|---|---|---|---|---|
| Library Block C | 2016-08-23 | សៀវភៅភាសាខ្មែរ | C172 | RUA045524 | Library Block C | 577 វន 1989 C172 | |
| Library Block C | 2016-08-24 | សៀវភៅភាសាខ្មែរ | C174 | RUA034885 | Library Block C | 577 វន 1989 C174 |